Pre-selling a health and fitness center /

Bibliographic Details
Main Author: Parrinello, Joseph A.
Format: Thesis Book
Language:English
Published: [Place of publication not identified] : [publisher not identified] ; 1986.
Subjects:

MARC

Tag First Indicator Second Indicator Subfields
LEADER 00000cam a2200000 a 4500
001 in00000016309
005 20151007052734.0
008 880520s1986 xx a b 00010 eng d
035 |a (OCoLC)17979927 
035 |9 AAA8995AM 
040 |a TXA  |c TXA  |d UtOrBLW 
049 |a TXAZ [Also in] [Archives]  |c 1 [A09356007], 2 [A09356015] 
099 |a 1986  |a Thesis  |a P261 
100 1 |a Parrinello, Joseph A. 
245 1 0 |a Pre-selling a health and fitness center /  |c by Joseph A. Parrinello. 
264 1 |a [Place of publication not identified] :  |b [publisher not identified] ;  |c 1986. 
300 |a 72 leaves :  |b illustrations ;  |c 28 cm. 
336 |a text  |b txt  |2 rdacontent 
337 |a unmediated  |b n  |2 rdamedia 
338 |a volume  |b nc  |2 rdacarrier 
500 |a Typescript (photocopy). 
502 |b M. Ag.  |c Texas A&M University  |d 1986. 
504 |a Bibliography: leaf 32. 
500 |a "Major subject: Recreation and Resources Development." 
650 0 |a Physical fitness centers. 
650 0 |a Pre-selling. 
650 4 |a Major recreation and resources development. 
999 |a MARS 
999 f f |s 078d3ab3-f4c2-36bb-8dcd-d799f1ca939a  |i de525b84-15bb-370d-8719-f78acca54f4d  |t 0 
952 f f |p noncirc  |a Texas A&M University  |b J.J. Pickle Campus  |c High Density Repository  |s HDR  |d Remote Storage  |t 0  |e 1986 Thesis P261  |h Other scheme  |i unmediated -- volume  |m A14839617718 
998 f f |a 1986 Thesis P261  |t 0  |l Remote Storage